000 00380 a2200169 4500
001 175502
020 _a85-02-03833-8
040 _cMagnum
100 _aTrigo, Eurico Moraes
240 1 0 _aViver e aprender ciências 3
_lpor
245 1 0 _aViver e aprender ciências 3
300 _a188
362 0 _a2002
440 1 _aSaraiva
697 _aCIÊNCIAS NATURAIS
942 _cBK
999 _c175502
_d175502